| 000 | 00350ari a2200133 4500 | ||
|---|---|---|---|
| 005 | 20241004092624.0 | ||
| 008 | 150327b xxu||||| |||| 00| 0 spa d | ||
| 245 | _aDamas Chinas/ Gato | ||
| 300 | _b1 tablero, 12 fichas negras, 12 fichas blancas | ||
| 650 | _aJUEGOS DE MESA | ||
| 650 | _aESTRATEGIA | ||
| 650 | _aENTRETENIMIENTO | ||
| 942 |
_cJM _2ddc |
||
| 999 |
_c13683 _d13683 |
||